000 00920nam a2200241Ia 4500
003 GCL
008 140319s9999 xx 000 0 ara d
040 _aGCL /
_cGCL
082 0 4 _a410
_bم ل
100 1 _aمعهد البحوث والدراسات العربية
245 1 0 _aاللغة العربية والوعى القومى بحوث ومناقشات /
_cمعهد البحوث والدراسات العربية
700 1 _aمركز دراسات الوحدة العربية
700 1 _aمعهد البحوث والدراسات السياسية
700 1 _aسعدون حمادى
700 1 _aالمجمع العلمى العراقى
260 _a[S.N] :
_bمركز دراسات الوحدة العربية ،
_c1984
300 _a484 ص
490 _a
650 0 4 _aاللغة العربية
650 0 4 _aوسائل الاعلام
650 0 4 _aالقومية العربية
942 _2ddc
_cBK
999 _c35313
_d35313